Saudi Arabia City Quiz - Statistics

General Stats
  • This quiz has been taken 51 times
  • The average score is 6 of 13
Answer Stats
City % Correct
Jeddah
100%
Riyadh
100%
Mecca
97%
Medina
90%
Dammam
82%
Khobar
44%
Ta'if
31%
Ha'il
18%
Khamis Mushait
15%
Buraidah
13%
Hofuf
8%
Jubail
8%
Tabouk
3%
No matching quizzes found
Score Distribution
Percent of People with Each Score
Percentile by Number Answered
Your Score History
You have not taken this quiz